| 000 | 00799nam a22002297a 4500 | ||
|---|---|---|---|
| 005 | 20170124110002.0 | ||
| 010 | _aA-895737 | ||
| 020 | _c00.00 | ||
| 035 | _aA-895737 | ||
| 037 | _bCen Lib/Ret | ||
| 040 |
_aDPL _bEN |
||
| 082 |
_a362.25 _bRAO |
||
| 100 |
_aRao, Sarveswara B. _916147 |
||
| 245 |
_aAnti-arrack movement of women in Andhra pradesh and prohibition policy / _cby B.Sarveswara Rao [and] G.Parthasarathy |
||
| 260 |
_aNew Delhi _bHar-Anand Publications _c1997 |
||
| 270 |
_bNew Delhi _a364-A Chirag Delhi _e110017 |
||
| 300 |
_a180p. _c22cm(Hb) _bill. |
||
| 650 |
_aTemperance -- India -- Andhra Pradesh. _916148 |
||
| 650 |
_a Women in public life -- India -- Andhra Pradesh. _916149 |
||
| 700 |
_aParthasarathy, G. _916150 |
||
| 942 |
_2ddc _cEN _h362.25 _mRAO |
||
| 999 |
_c125971 _d125971 |
||